[Event "2nd 4NCL Spring Bank Holiday Congress"]
[Site "Basingstoke"]
[Date "2019.05.25"]
[Round "2.16"]
[White "Chadwick, Susan E"]
[Black "Muppidi, Anirudh R"]
[Result "0-1"]
[WhiteElo "1512"]
[BlackElo "1437"]
[PlyCount "64"]
[EventDate "2019.05.24"]

1. d4 d5 2. Nf3 Nf6 3. Bf4 Bf5 4. e3 e6 5. c4 c6 6. Nc3 Bd6 7. Bxd6 Qxd6 8.
cxd5 cxd5 9. Be2 a6 10. O-O Nc6 11. a3 O-O 12. Na4 Nd7 13. Rc1 b6 14. Nh4 Bg6
15. Nxg6 fxg6 16. Rc2 b5 17. Nc5 Nxc5 18. Rxc5 Rac8 19. b4 Ne7 20. Qc2 Rxc5 21.
bxc5 Qc6 22. h4 Nf5 23. h5 gxh5 24. Bxh5 g6 25. Be2 Nd6 26. Rb1 Nc4 27. Bxc4
dxc4 28. a4 Rf5 29. Qc3 Rg5 30. g3 Rh5 31. e4 Qxe4 32. f3 Qxb1+ 0-1

[Event "2nd 4NCL Spring Bank Holiday Congress"]
[Site "Basingstoke"]
[Date "2019.05.24"]
[Round "1.1"]
[White "Winter, Kevin"]
[Black "Chadwick, Susan E"]
[Result "1-0"]
[WhiteElo "1742"]
[BlackElo "1512"]
[PlyCount "63"]
[EventDate "2019.05.24"]

1. e4 d6 2. d4 Nf6 3. Nc3 g6 4. Be3 Bg7 5. f3 O-O 6. Qd2 Nc6 7. g4 e5 8. d5 Nd4
9. O-O-O c6 10. Bg5 Qa5 11. Kb1 cxd5 12. Bxf6 Bxf6 13. Nxd5 Qd8 14. c3 Ne6 15.
Ne2 Bg7 16. h4 b6 17. h5 Nc5 18. Ng3 Be6 19. Be2 Nd7 20. hxg6 fxg6 21. Nb4 Qf6
22. Nd5 Qf7 23. g5 Bxd5 24. Qxd5 Rad8 25. Qxf7+ Kxf7 26. Rxh7 Rh8 27. Bc4+ Kf8
28. Rxh8+ Bxh8 29. Rxd6 Ke7 30. Re6+ Kf8 31. Rxg6 Ke7 32. Nf5+ 1-0

[Event "2nd 4NCL Spring Bank Holiday Congress"]
[Site "Basingstoke"]
[Date "2019.05.24"]
[Round "1.2"]
[White "Sloan, Hamish"]
[Black "Piecha, Lukasz Marek"]
[Result "0-1"]
[WhiteElo "1506"]
[BlackElo "1727"]
[PlyCount "106"]
[EventDate "2019.05.24"]

1. e4 c5 2. Nf3 g6 3. d4 cxd4 4. Nxd4 Bg7 5. g3 Nc6 6. c3 Nf6 7. Bg2 O-O 8. Be3
d5 9. Nd2 Ng4 10. exd5 Nxe3 11. fxe3 Ne5 12. N2b3 Bg4 13. Nf3 Nc4 14. Qe2 Rc8
15. h3 Bxf3 16. Bxf3 Nxb2 17. Kf2 Bxc3 18. Rac1 Be5 19. Nd4 Qb6 20. Rb1 Bxd4
21. exd4 Qxd4+ 22. Kg2 Nc4 23. Rhe1 Rc7 24. Rbd1 Qc5 25. Kh2 Rfc8 26. Rc1 Qd6
27. Bg2 Nb6 28. Rxc7 Rxc7 29. Qe5 Qxe5 30. Rxe5 Nc4 31. Re2 Nd6 32. g4 Kf8 33.
Rd2 Rc5 34. Rd3 Rc2 35. a3 b6 36. a4 Rc4 37. Ra3 a5 38. Ra2 Rb4 39. Bf1 Rf4 40.
Bg2 Nb7 41. Kg3 g5 42. Rb2 Rxa4 43. Rxb6 Nd6 44. Rb8+ Kg7 45. Ra8 Ra1 46. Bf3
a4 47. Ra6 a3 48. Bg2 a2 49. Kh2 Kf6 50. Ra7 Nb5 51. Ra6+ Ke5 52. Ra5 Nc3 53.
Kg3 Rc1 0-1

[Event "2nd 4NCL Spring Bank Holiday Congress"]
[Site "Basingstoke"]
[Date "2019.05.24"]
[Round "1.3"]
[White "Bishop, Geoffrey L"]
[Black "Brockes, Jeremy P"]
[Result "1-0"]
[WhiteElo "1715"]
[BlackElo "1500"]
[PlyCount "73"]
[EventDate "2019.05.24"]

1. e4 c6 2. d4 d5 3. Nc3 dxe4 4. Nxe4 Nf6 5. Nxf6+ gxf6 6. Nf3 Bg4 7. c3 Qc7 8.
Be2 Nd7 9. a4 e6 10. a5 a6 11. O-O Rg8 12. Nh4 Bxe2 13. Qxe2 Bd6 14. g3 O-O-O
15. Be3 f5 16. f4 Rde8 17. c4 Qd8 18. Nf3 Kb8 19. Ne5 Re7 20. c5 Bc7 21. b4 Nf6
22. b5 cxb5 23. c6 Bxe5 24. dxe5 Ne4 25. Bb6 Qd5 26. c7+ Rxc7 27. Bxc7+ Kxc7
28. Rac1+ Kb8 29. Rf3 Qd4+ 30. Kg2 Rd8 31. Rff1 Nc3 32. Qf2 Qd5+ 33. Kg1 b4 34.
Ra1 Qb5 35. Qb6 Ne2+ 36. Kf2 Qd5 37. Rfd1 1-0

[Event "2nd 4NCL Spring Bank Holiday Congress"]
[Site "Basingstoke"]
[Date "2019.05.24"]
[Round "1.5"]
[White "Seymour, Paul"]
[Black "Muppidi, Anirudh R"]
[Result "1-0"]
[WhiteElo "1643"]
[BlackElo "1437"]
[PlyCount "129"]
[EventDate "2019.05.24"]

1. d4 d5 2. Bf4 Bf5 3. e3 e6 4. c3 Nc6 5. Nf3 Nf6 6. h3 Bd6 7. Bxd6 Qxd6 8. Bd3
Bg6 9. Bxg6 hxg6 10. Nbd2 e5 11. dxe5 Nxe5 12. Nxe5 Qxe5 13. Qa4+ c6 14. Qd4
Qg5 15. g3 Qf5 16. g4 Qe6 17. O-O-O b6 18. g5 Nh5 19. e4 dxe4 20. Qxe4 Qxe4 21.
Nxe4 O-O 22. Rd7 Nf4 23. h4 Rfd8 24. Rhd1 Rxd7 25. Rxd7 Ng2 26. Nd6 f6 27. gxf6
gxf6 28. Ne4 f5 29. Ng5 Nxh4 30. Kd2 Ng2 31. Rd6 Kg7 32. Rxc6 Kh6 33. Nf7+ Kh5
34. Rd6 g5 35. Ke2 Kg4 36. Rg6 Re8+ 37. Kf1 Kf3 38. Nxg5+ Kg4 39. Kxg2 Kh5 40.
Rg7 Kh6 41. Rxa7 Kxg5 42. Rb7 Re6 43. Kf3 f4 44. a3 Rf6 45. Rb8 Kf5 46. Rd8 Ke6
47. Rd4 Ke5 48. Rb4 Kf5 49. Rb5+ Kg6 50. Kg4 Kg7 51. Rb4 Rg6+ 52. Kxf4 Rf6+ 53.
Ke3 Re6+ 54. Re4 Rg6 55. a4 Rg1 56. Rb4 Ra1 57. Kf3 Kf6 58. b3 Rc1 59. Rxb6+
Ke5 60. Rb5+ Kd6 61. c4 Rc3+ 62. Kf4 Rc2 63. f3 Kc6 64. Kf5 Rf2 65. f4 1-0

[Event "2nd 4NCL Spring Bank Holiday Congress"]
[Site "Basingstoke"]
[Date "2019.05.24"]
[Round "1.6"]
[White "Sheard, Jack"]
[Black "O'brien, Paul W"]
[Result "1-0"]
[WhiteElo "1392"]
[BlackElo "1610"]
[PlyCount "80"]
[EventDate "2019.05.24"]

1. Nf3 f5 2. d3 Nf6 3. e4 d6 4. Nc3 e5 5. Be2 Be7 6. O-O O-O 7. Bg5 Be6 8. Re1
Nbd7 9. Bf1 h6 10. exf5 Bxf5 11. Bh4 c6 12. Ne4 Nxe4 13. Bxe7 Nxf2 14. Bxd8
Nxd1 15. Be7 Rf7 16. Bxd6 Nxb2 17. Rab1 Na4 18. Rxb7 Nac5 19. Bxc5 Nxc5 20.
Rxf7 Kxf7 21. Nxe5+ Kf6 22. Nxc6 Bd7 23. Ne5 Ba4 24. d4 Ne6 25. Ng4+ Kf5 26.
Bd3+ Kxg4 27. Rxe6 Kh5 28. Kf2 Rc8 29. c4 Rb8 30. c5 Rb2+ 31. Re2 Rb4 32. Rd2
Kg5 33. Ke3 Bc6 34. Be4 Bxe4 35. Kxe4 Kf6 36. Kd5 Ke7 37. Kc6 Kd8 38. d5 Rb8
39. d6 Rc8+ 40. Kd5 Kd7 1-0

[Event "2nd 4NCL Spring Bank Holiday Congress"]
[Site "Basingstoke"]
[Date "2019.05.24"]
[Round "1.7"]
[White "Horlock, Peter J"]
[Black "Khoury, Theo"]
[Result "1-0"]
[WhiteElo "1579"]
[BlackElo "1339"]
[PlyCount "67"]
[EventDate "2019.05.24"]

1. e4 c5 2. Nf3 d6 3. d4 cxd4 4. Nxd4 Nf6 5. Nc3 a6 6. Bd3 e5 7. Nf3 Be7 8. h3
O-O 9. O-O Be6 10. Ng5 Bd7 11. f4 exf4 12. Bxf4 Qb6+ 13. Kh1 Qxb2 14. e5 dxe5
15. Bxe5 h6 16. Rb1 Qa3 17. Rb3 Qc5 18. Bxf6 Bxf6 19. Nce4 Qc6 20. Nxf6+ gxf6
21. Be4 Qc5 22. Nh7 Rd8 23. Nxf6+ Kf8 24. Rg3 Qe5 25. Rg8+ Ke7 26. Nd5+ Kd6 27.
Rxd8 Qxe4 28. Nc3+ Kc7 29. Rxd7+ Nxd7 30. Nxe4 Re8 31. Qd6+ Kc8 32. Rxf7 Rd8
33. Nf6 Nxf6 34. Qc7# 1-0

[Event "2nd 4NCL Spring Bank Holiday Congress"]
[Site "Basingstoke"]
[Date "2019.05.24"]
[Round "1.8"]
[White "Kumar, Soham"]
[Black "Abbas, Ahmed C"]
[Result "1-0"]
[WhiteElo "1230"]
[BlackElo "1549"]
[PlyCount "55"]
[EventDate "2019.05.24"]

1. e4 e5 2. Nf3 Nc6 3. Bb5 a6 4. Ba4 Nf6 5. O-O Be7 6. Re1 b5 7. Bb3 O-O 8. c3
Na5 9. Bc2 d6 10. h3 c5 11. d4 cxd4 12. cxd4 Qc7 13. Nbd2 Bd7 14. b3 Rac8 15.
b4 Nc6 16. Ba3 a5 17. bxa5 Nxa5 18. Rc1 exd4 19. e5 Nd5 20. Bxh7+ Kxh7 21. Rxc7
Rxc7 22. exd6 Nc3 23. dxe7 Re8 24. Qc2+ Kg8 25. Ne4 Nd5 26. Qd1 Nc4 27. Qxd4
Ndb6 28. Nd6 1-0